00581cam a22001217a 4500008003800000082002600038100007300064245005300137260007900190300000900269500012600278650005500404180718b-- xxu||||| |||| 00| 0 eng d aL806x54 A/R/1994-95/1 aIndia. Ministry of Railways. Railways Board. Directorate of Accounts aAppropriation accounts, Indian Railways, 1994-95 aDelhibDirectorate of Accounts, Railways Board, Ministry of Raolwaysc1995 a36p. aLibrary has 1991/92, 1992/93 (part 1 and 2), 1993/94-1996/97, 1997/98 (part 2), 1998/99-2002/03, 2004/05-2008/09, 2010/11 aRailways - Appropriations and expenditures - India